| 000 | 00947nam a2200253 i 4500 | ||
|---|---|---|---|
| 001 | 19982 | ||
| 003 | ES-MaACL | ||
| 005 | 20250816062527.0 | ||
| 007 | t| | ||
| 008 | 020712s2001 sp ||||1| spa d | ||
| 020 | _a84-8307-419-2 | ||
| 080 | _a821.134.2 Góngora y Argote, Luis de 7 Fábula de Polifemo y Galatea.07 | ||
| 100 | 1 |
_aMicó, José María. _980947 |
|
| 245 | 1 | 3 |
_aEl "Polifemo" de Luis de Góngora _b: ensayo de crítica e historia literaria / _cJosé María Micó. |
| 250 | _a1ª ed. | ||
| 260 |
_aBarcelona : _bPenínsula, _c2001. |
||
| 300 |
_a108 p. ; _c23 cm. |
||
| 490 | 1 |
_aHistoria, ciencia, sociedad ; _v324 |
|
| 600 | 1 | 4 |
_aGóngora y Argote, Luis de. _tFábula de Polifemo y Galatea. _958249 |
| 650 | 1 | 4 |
_aPolifemo (Personaje mitológico)- _xEn la literatura _916264 |
| 830 | 0 | 0 |
_aHistoria, ciencia, sociedad (Península) _v324 _9177444 |
| 852 |
_aES-MaACL _jL-25974 _bR.131512 |
||
| 999 |
_c19982 _d19982 |
||